000
00309nam a22001337a 4500
020
_a
978-81-8137-701-2
082
_a
530
_b
VER/D
100
_a
R.VERMA
245
_a
PHYSICS WITH SOLUTION
_b
CLASS XI
260
_a
DELHI
_b
RACHNA SAGAR
_c
2003
300
_a
468
650
_a
PHYSICS FOR CLASS XI
_z
INDIA
942
_c
BK
999
_c
507
_d
507